| 000 | 01006nam a2200277Ia 4500 | ||
|---|---|---|---|
| 003 | OSt | ||
| 005 | 20221005103257.0 | ||
| 006 | a|||||r|||| 00| 0 | ||
| 007 | ta | ||
| 008 | 221004b |||||||| |||| 00| 0 hin d | ||
| 020 |
_a9789383629138 (hbk) _cIndian Rupees 550 |
||
| 024 | _a37625 | ||
| 037 |
_bGift, 10/05/2018, _cTextual |
||
| 040 |
_aCRL _cCRL _bhin |
||
| 041 |
_2hin _ahin |
||
| 082 | _aO152,1M5:g, Q4 | ||
| 100 | _aमंजू रानी, ले. | ||
| 245 | 0 | _aरीतिकालीन काव्य और राजप्रशस्ति | |
| 246 | _aRītikālīn kāvya aur rājaprashasti | ||
| 260 |
_aगाजियाबाद _bतरूण प्रकाशन भारत _c2014 |
||
| 300 |
_a280पृ0 _ccm. |
||
| 650 | _a हिन्दी साहित्य | ||
| 650 | _aहिन्दी कविता | ||
| 942 |
_hO152,1M5:g, Q4 _cTEXL _2cc |
||
| 999 |
_c1009775 _d1009775 |
||